Transforming Power: (Record no. 11096)
[ view plain ]
| 000 -LEADER | |
|---|---|
| fixed length control field | 00425nam a22001697a 4500 |
| 003 - CONTROL NUMBER IDENTIFIER | |
| control field | OSt |
| 005 - DATE AND TIME OF LATEST TRANSACTION | |
| control field | 20230601153535.0 |
| 008 - FIXED-LENGTH DATA ELEMENTS--GENERAL INFORMATION | |
| fixed length control field | 230601b |||||||| |||| 00| 0 eng d |
| 040 ## - CATALOGING SOURCE | |
| Transcribing agency | DLC |
| 050 ## - LIBRARY OF CONGRESS CALL NUMBER | |
| Item number | M612T |
| 082 ## - DEWEY DECIMAL CLASSIFICATION NUMBER | |
| Item number | M612T |
| 100 ## - MAIN ENTRY--PERSONAL NAME | |
| Personal name | Meyer, F. B. |
| 245 ## - TITLE STATEMENT | |
| Title | Transforming Power: |
| Remainder of title | The Apostle Paul/ |
| Statement of responsibility, etc. | by F. B. Meyer |
| 260 ## - PUBLICATION, DISTRIBUTION, ETC. | |
| Place of publication, distribution, etc. | Northern Ireland: |
| Name of publisher, distributor, etc. | Revival Publishing, |
| Date of publication, distribution, etc. | 2016. |
| 300 ## - PHYSICAL DESCRIPTION | |
| Extent | 200p. |
| 942 ## - ADDED ENTRY ELEMENTS (KOHA) | |
| Source of classification or shelving scheme | Dewey Decimal Classification |
| Koha item type | Books |
| Withdrawn status | Lost status | Source of classification or shelving scheme | Damaged status | Not for loan | Home library | Current library | Shelving location | Date acquired | Full call number | Barcode | Date last seen | Price effective from | Koha item type |
|---|---|---|---|---|---|---|---|---|---|---|---|---|---|
| Dewey Decimal Classification | Harvest Mission College | Harvest Mission College | General Stacks | 01.06.2023 | 248 M612T | 013020 | 01.06.2023 | 01.06.2023 | Books |
